| 000 | 00666nam a2200217 a 4500 | ||
|---|---|---|---|
| 005 | 20240228063607.0 | ||
| 008 | 991125s1992 mx 000 0 spa u | ||
| 020 | _a9681638557 | ||
| 035 | _aUPN01000041242 | ||
| 049 | _aI | ||
| 050 | 4 |
_aPZ21.9 _bB6.58 |
|
| 100 | 1 |
_aBosco, Henri, _d1888-1976 |
|
| 245 | 1 | 3 |
_aEl niño y el río / _cHenri Bosco ; il. Felipe Ugalde ; tr. José Luis Rivas. |
| 260 |
_aMéxico : _bFCE, _c1992. |
||
| 300 |
_a117 p. : _bil. |
||
| 440 | 0 |
_aA la orilla del viento. _pPara los que leen bien ; _v31 |
|
| 650 | 4 |
_aLiteratura infantil francesa _913687 |
|
| 650 | 4 | _aLITERATURA DE ENTRETENIMIENTO | |
| 905 | _aInfantil | ||
| 999 |
_c41242 _d41242 |
||